000 00599nam a2200193 4500
003 CO-ViMGA
020 _a9788466229487
040 _aCO-ViMGA
_bspa
_cCO-ViMGA
082 0 4 _a615.332
_bP25f
100 1 _aPenalva, Nuria
_913043
245 1 0 _aFarmacia natural
_cNuria Penalva
260 _aMadrid
_bLibsa
_c2014
300 _a160 páginas
_bilustraciones, fotografías a color 27 cm.
500 _aIncluye glosario
650 1 4 _aBotánica médica
_xGuías
_913567
650 1 4 _aPlantas aromáticas
_xUso terapéutico
_913568
650 1 4 _aPlantas medicinales
_xUso terapéutico
_913569
942 _2ddc
_cBK
999 _c11876
_d11876